Paroles de chanson - Damso - Morose - Statistiques

Statistiques générales
  • Ce quiz a été pris 733 fois
  • Le résultat moyen est 215 sur 428
Statistiques - réponses
Réponse % Correct
le
96%
de
91%
que
91%
tel
88%
si
87%
pour
86%
sur
84%
loin
83%
C'est
82%
c'est
82%
en
82%
heures
81%
parti
81%
quelques
81%
tellement
81%
à
79%
J'suis
79%
monde
77%
pas
76%
dans
75%
je
75%
Écrire
74%
la
74%
74%
des
73%
simulateur
73%
Morose
72%
Près
71%
ta
71%
Trop
69%
J'te
67%
j'te
67%
me
65%
mouvement
65%
Tu
65%
tu
65%
un
65%
rien
64%
et
63%
Fais
63%
fais
63%
chatte
62%
genre
62%
t'en
62%
va
62%
ma
61%
moi
61%
qu'on
61%
sable
61%
pense
58%
t'épiler
58%
ton
58%
presse
57%
une
57%
Une
57%
comme
56%
Fonce-dé
55%
se
55%
Donne
54%
J't'entends
53%
Exilé
52%
plus
52%
l'hôtel
51%
l'faire
50%
penser
48%
ramene
48%
ramène
48%
compo
47%
mes
47%
mais
46%
Faut
45%
faut
45%
j't'appelle
45%
respect
45%
salope
45%
Cerveau
44%
J'balance
43%
les
43%
minimum
43%
mort
43%
n'était
43%
Tango
43%
du
42%
demande
41%
Baltringue
40%
il
40%
Il
40%
nerfs
40%
tes
40%
t'es
40%
l'amour
38%
veux
38%
phrases
37%
d'émotions
36%
tete
36%
face
35%
peu
35%
cherches
34%
Sale
34%
sale
34%
VER
34%
J'calme
33%
d'plus
32%
encore
32%
ouais
32%
tort
32%
t'arrêtes
31%
j'l'ouvre
30%
suis
30%
tasse-pé
30%
veines
30%
danse
29%
S'il
29%
débranché
28%
d'nous
28%
d'stress
28%
l'dire
28%
couleuvres
27%
d'moi
27%
t'ouvres
27%
j'me
26%
questions
26%
d'causer
25%
donc
25%
efforts
25%
joint
25%
sors
25%
bouge
24%
chaque
24%
fesse
24%
sortiras
24%
tout
24%
corbillard
23%
illico
22%
sensé
22%
est
21%
icône
21%
michto
21%
okay
21%
réflexion
21%
taise
21%
tous
21%
jamais
19%
muscle
19%
reste
19%
seul
19%
Agression
18%
place
18%
pression
18%
silicone
18%
Tour
18%
tour
18%
t'ignores
17%
pute
16%
sais
16%
son
15%
restriction
14%
beaucoup
13%
quand
13%
ferment
12%
te-por
12%
tess
12%
économies
11%
j'écris
11%
J'écris
11%
trop pressé
11%
balles
10%
défonce
10%
faux
10%
oppression
10%
t'fais
10%
aujourd'hui
9%
black
9%
c'que
9%
j'aime
9%
attaque
8%
coquillard
8%
d'apercevoir
8%
comptes
7%
Douce
7%
douce
7%
Haute
7%
j'risque
7%
perds
7%
Téma
7%
bandit
6%
fils
6%
j'prends
6%
mère
6%
brusquent
5%
fragrance
5%
l'ammoniaque
5%
bords
4%
drogué
4%
j'sens
4%
mise
4%
pars
4%
sévère
4%
T'aimes
4%
biz
3%
d'avance
3%
doubler
3%
vue
3%
Bientôt
2%
chair
2%
Tapis
2%
coincer
1%
d'l'amande
1%
paire
1%
j'abandone
0%
Aucun quiz correspondant
Distribution des résultats
% des personnes avec chaque résultat
Percentile par nombre de réponses
Votre historique - résultats
Vous n’avez pas pris ce quiz